000
00326nam a2200133Ia 4500
008
191201s2013 xx 000 0 und d
100
_a
MATHUR, Aditya P
245
0
_a
Foundation of Software Testing
250
_a
1st imp
260
_a
New Delhi
_b
pearson
_c
2013
300
_a
697
650
_a
M.Tech(CSE)
942
_2
ddc
_c
BK
_0
1
999
_c
5976
_d
5976